00493 2200205 4500001002100000008004100021035002000062245004300082100001900125250000600144260004200150300001100192084001400203082000800217650001400225990001200239990001200251990001200263990001200275INLIS000000000000495 ind  a0010-0424000471 aSistem Rem dan SuspensicJoko Sriyanto aSriyanto, Joko a1 aKlaten :bSaka Mitra Kompetensic2011 a76 hlm a600 JOK s a600 aNon Fiksi a0722000 a0722001 a0722002 a0722003